Caricamento...
Teaching of science
| Autore principale: | |
|---|---|
| Natura: | Printed Book |
| Lingua: | English |
| Pubblicazione: |
New Delhi, Anmol Publications
1992 |
| Soggetti: |
| LEADER | 005760000a22002170004500 | ||
|---|---|---|---|
| 020 | |a 8170416329 | ||
| 041 | |a eng | ||
| 082 | |a 507 N2;2 | ||
| 100 | |a Yaday, M S |9 100308 | ||
| 245 | |a Teaching of science | ||
| 260 | |a New Delhi, Anmol Publications | ||
| 260 | |a 1992 | ||
| 465 | |a R 250 | ||
| 650 | |a Lesson plan |9 11006 | ||
| 650 | |a Methods |9 118140 | ||
| 650 | |a Science |9 118141 | ||
| 650 | |a Teaching |9 118142 | ||
| 650 | |a Teaching aids |9 118143 | ||
| 942 | |c BK | ||
| 999 | |c 167744 |d 167740 | ||
| 952 | |0 0 |1 0 |4 0 |7 0 |9 166177 |a SPS |b SPS |d 2019-04-16 |l 0 |p SPS00290 |r 2019-04-16 |w 2019-04-16 |y BK | ||